| 000 | 00346nam a2200133Ia 4500 | ||
|---|---|---|---|
| 008 | 231017s9999 xx 000 0 und d | ||
| 082 | _a620.136 | ||
| 082 | _bTRB | ||
| 245 | 0 | _aTransportation Research Circular No. E-C107: Control of Cracking in Concrete: State of the Art | |
| 245 | 0 | _cTRB | |
| 260 | _bTRB | ||
| 300 | _c30cm | ||
| 942 | _cREP | ||
| 999 |
_c603949 _d603949 |
||